000
00236nam a2200097Ia 4500
005
20251222114354.0
008
251222s1900||||xx |||||||||||||| ||spa||
082
_a
DVD0070/C25/2005
245
0
_a
Gol!: el sueƱo imposible:Goal!
942
_c
DVD
999
_c
1357
_d
1357